Cinéma en images par lettres - S - #2 - Statistiques

Statistiques générales
  • Ce quiz a été pris 225 fois
  • Le résultat moyen est 13 sur 24
Statistiques - réponses
Par images Hint Réponse % Correct
Acteur Omar Sy
99%
Franchise Star Wars
92%
Film La Soupe aux choux
91%
Personnage Spider-Man
91%
Acteur Will Smith
91%
Franchise Le Seigneur des Anneaux
89%
Film Shining
87%
Étape de production Scénario/Script
83%
Réalisateur Steven Spielberg
81%
Film Seul sur Mars
73%
Actrice Emma Stone
71%
Acteur Arnold Schwarzenegger
54%
Acteur Bruno Solo
46%
Composant d'un film Sous-titres
36%
Actrice Mathilde Seigner
34%
Actrice Simone Signoret
27%
Studio Sony Pictures
27%
Actrice Tilda Swinton
22%
Film Snowpiercer
20%
Type de sonorisation Stéréo
19%
Film Seuls Two
14%
Objet Steadicam
8%
Film Le Sommet des Dieux
5%
Compositeur Howard Shore
4%
Aucun quiz correspondant
Distribution des résultats
% des personnes avec chaque résultat
Percentile par nombre de réponses
Votre historique - résultats
Vous n’avez pas pris ce quiz